000 00722nam a2200265Ia 4500
001 Para_9609
003 CHAP
008 220125s2002 xx 000 0 und d
010 _a208282
040 _cCHAP
082 _aPA 632.03 G81
100 _aGreenwood, Pippa
_9174601
245 _aEnciclopedia de las plagas y enfermedades de las plantas /
_c Pippa Greenwood y Andrew Halstead
260 _aEspaƱa :
_b Blume
300 _a223 p.
650 _aControl de plagas
_927595
700 _aHalstead, Andrew
_952391
901 _aPA 632.03 G81
902 _aM
905 _a5231272002 sp a 8182223322spa11
910 _a2002
942 _cPARA
942 _cPARA
_d1
999 _c208282
_d208282